000 00863cam a2200217 4500
001 ABS61747
008 000000n2000 000 0 eng u
035 _a(Sirsi) u103917
100 _aWinter, J.
245 _aNew 7th edition of the ICE Conditions of Contract
260 _c2000
490 _aCivil Engineering Surveyor
_vDecember/January 2000, 14-15(2)
520 _aThe 7th edition of the ICE Conditions of Contract was launched on 16 September 1999 to ensure that the conditions complied with the Housing Grants Construction and Regeneration Act 1996. This article outlines the most significant changes.
590 _aABS
650 _aCONDITIONS OF CONTRACT
650 _aHOUSING GRANTS CONSTRUCTION AND REGENERATION ACT 1996
650 _aICE
650 _aCIVIL ENGINEERS
650 _aBUILT ENVIRONMENT-BUILDING CONTRACT FORMS
942 _n0
999 _c62375
_d62375